Normal view MARC view

Entry Topical Term

Number of records used in: 1

001 - CONTROL NUMBER

  • control field: 13968

003 - CONTROL NUMBER IDENTIFIER

  • control field: OSt

005 - DATE AND TIME OF LATEST TRANSACTION

  • control field: 20210315150723.0

008 - FIXED-LENGTH DATA ELEMENTS

  • fixed length control field: 210315|| aca||aabn | a|a d

040 ## - CATALOGING SOURCE

  • Original cataloging agency: OSt
  • Transcribing agency: OSt

150 ## - HEADING--TOPICAL TERM

  • Topical term or geographic name entry element: Social Dynamics.

670 ## - SOURCE DATA FOUND

  • Source citation: Work cat.: (OSt): Woodhouse,philip;[et...al] 13967, African Enclosures?, 2000.